000 00399 a2200109 4500
001 ART_49859
005 20260410161843.0
008 260409a
245 1 0 _aBreves consideraciones relativas a las denuncias extemporáneas, en materia de faltas, en el ámbito de la jurisdicción militar
100 1 _aTorres, Ismael F.
773 0 _tRAP
_g- Año 41, Nº 483 (dic. 2018)
_wREV5941
999 _c24281
_d24281